[Event "Preinscritos IRT Online"]
[Site "Chess.com INT"]
[Date "2020.12.26"]
[Round "4"]
[White "Cocios Yugcha, Rogelio Sebastian"]
[Black "Roman Tapia, Ariana Alejandra"]
[Result "0-1"]
[WhiteElo "1033"]
[BlackElo "1554"]
[PlyCount "84"]
[EventDate "2020.12.26"]
[EventType "swiss"]
[EventRounds "11"]
[EventCountry "ECU"]
[SourceTitle "CBM 200 Extra"]
[Source "ChessBase"]
[SourceDate "2021.03.31"]
[SourceVersion "1"]
[SourceVersionDate "2021.03.31"]
[SourceQuality "1"]

1. e4 c5 2. Nf3 d6 3. d4 cxd4 4. Nxd4 Nf6 5. Nc3 a6 6. g3 e5 7. Nde2 Bg4 8. Bg2 Nc6 9. 0-0 Nd4 10. Qd3 Nxe2+ 11. Nxe2 Be7 12. Nc3 0-0 13. Nd5 Nxd5 14. exd5 f5 15. Be3 Bh5 16. a4 Rc8 17. a5 Bf7 18. Bb6 Qd7 19. Rad1 e4 20. Qd4 Bf6 21. Qe3 Bxb2 22. Bd4 Bxd4 23. Qxd4 Rxc2 24. Rc1 Rfc8 25. Qe3 Rxc1 26. Rxc1 Rxc1+ 27. Qxc1 Bxd5 28. Qb2 Bc6 29. Qb6 d5 30. Kf1 d4 31. Ke2 d3+ 32. Kd2 e3+ 33. Qxe3 Bxg2 34. f3 Bf1 35. Qf2 Be2 36. Qe3 Qf7 37. Qa7 Qa2+ 38. Ke3 Qe6+ 39. Kf2 Qd5 40. Qa8+ Kf7 41. Qc8 Qxf3+ 42. Kg1 Qf1# 0-1

[Event "Preinscritos IRT Online"]
[Site "Chess.com INT"]
[Date "2020.12.26"]
[Round "7"]
[White "Flores Medina, Oscar Naoki"]
[Black "Cocios Yugcha, Rogelio Sebastian"]
[Result "0-1"]
[WhiteElo "1122"]
[BlackElo "1033"]
[PlyCount "92"]
[EventDate "2020.12.26"]
[EventType "swiss"]
[EventRounds "11"]
[EventCountry "ECU"]
[SourceTitle "CBM 200 Extra"]
[Source "ChessBase"]
[SourceDate "2021.03.31"]
[SourceVersion "1"]
[SourceVersionDate "2021.03.31"]
[SourceQuality "1"]

1. e4 e5 2. Nf3 Nc6 3. d4 exd4 4. Nxd4 Nxd4 5. Qxd4 Nf6 6. Bc4 b6 7. e5 Bc5 8. Qd5 Nxd5 9. Bxd5 c6 10. Bc4 Bb7 11. 0-0 Qe7 12. Re1 0-0-0 13. c3 f6 14. b4 Bd6 15. exd6 Qxe1+ 16. Bf1 Rde8 17. Bf4 Re2 18. Nd2 Qxf2+ 19. Kh1 Re1 20. Rxe1 Qxe1 21. Kg1 Qxd2 22. Bxd2 c5 23. bxc5 bxc5 24. c4 Re8 25. Kf2 Re6 26. Bd3 Rxd6 27. Ke3 Bxg2 28. Bxh7 Re6+ 29. Kf2 Bh3 30. Be4 Rd6 31. Ke3 Bg4 32. Ba5 Re6 33. Kf4 Bh3 34. Bf5 Bxf5 35. Kxf5 Re5+ 36. Kg6 f5 37. Kxg7 f4 38. Bd2 f3 39. Bc3 Re3 40. Bd2 Re2 41. Bc3 f2 42. Bd4 f1Q 43. Bf2 Qxf2 44. Kg6 Re1 45. Kg5 Rg1+ 46. Kh5 Qxh2# 0-1

[Event "Preinscritos IRT Online"]
[Site "Chess.com INT"]
[Date "2020.12.26"]
[Round "6"]
[White "Zhingri Bermeo, Natalia Carolina"]
[Black "Cocios Yugcha, Rogelio Sebastian"]
[Result "1-0"]
[WhiteElo "797"]
[BlackElo "1033"]
[PlyCount "61"]
[EventDate "2020.12.26"]
[EventType "swiss"]
[EventRounds "11"]
[EventCountry "ECU"]
[SourceTitle "CBM 200 Extra"]
[Source "ChessBase"]
[SourceDate "2021.03.31"]
[SourceVersion "1"]
[SourceVersionDate "2021.03.31"]
[SourceQuality "1"]

1. e4 e5 2. Bc4 Nc6 3. Nc3 Nf6 4. Nf3 Bb4 5. 0-0 Bxc3 6. dxc3 0-0 7. Bg5 d6 8. h3 h6 9. Bh4 b6 10. a4 Bb7 11. b4 a5 12. b5 Ne7 13. Re1 d5 14. exd5 Bxd5 15. Bd3 e4 16. Bxe4 Bxe4 17. Ne5 Qd5 18. Ng4 Bxg2 19. Ne3 Qe4 20. Nxg2 Qg6 21. Rxe7 Rfe8 22. Re1 Rxe1+ 23. Qxe1 Re8 24. Qd1 Ne4 25. Kh1 Nxf2+ 26. Bxf2 Kh7 27. Nf4 Qe4+ 28. Ng2 Qg6 29. Nh4 Qh5 30. Qd3+ g6 31. Rg1 1-0